000 00321 a2200109 4500
001 ART_12012
005 20260410161559.0
008 260409a
245 1 0 _aPropuestas del Libro Verde.
100 1 _aCasal, Armando Miguel
773 0 _tProfesional & Empresaria
_g- Año XIII, Nº 161 (feb. 2013)
_wREV70
999 _c9546
_d9546